La Atlántida : (Record no. 152464)
[ view plain ]
| 000 -LEADER | |
|---|---|
| campo de control de longitud fija | 01165nam a22002415i 4500 |
| 001 - NÚMERO DE CONTROL | |
| campo de control | 152464 |
| 003 - IDENTIFICADOR DE NÚMERO DE CONTROL | |
| campo de control | ES-MaACL |
| 005 - FECHA Y HORA DE LA ÚLTIMA TRANSACCIÓN | |
| campo de control | 20250718191210.0 |
| 008 - DATOS DE LONGITUD FIJA--INFORMACIÓN GENERAL | |
| campo de control de longitud fija | 961128s1882 sp |||| | spa d |
| 080 ## - NÚMERO DE LA CLASIFICACIÓN DECIMAL UNIVERSAL | |
| Número de la Clasificación Decimal Universal | 001.94 Atlántida |
| 100 1# - ENTRADA PRINCIPAL--NOMBRE DE PERSONA | |
| Nombre de persona | Botella y de Hornos, Federico de, |
| Fechas asociadas al nombre | 1822-1899 |
| 9 (RLIN) | 30760 |
| 245 13 - MENCIÓN DEL TÍTULO | |
| Título | La Atlántida : |
| Resto del título | [pruebas geológicas de su existencia, fauna, flora, situación y época de su hundimiento] / |
| Mención de responsabilidad, etc. | por Federico de Botella y de Hornos. |
| 260 ## - PUBLICACIÓN, DISTRIBUCIÓN, ETC. | |
| Lugar de publicación, distribución, etc. | Madrid : |
| Nombre del editor, distribuidor, etc. | [s.n.], |
| Fecha de publicación, distribución, etc. | 1882 ( |
| Fabricante | Imp. de Fortanet) |
| 300 ## - DESCRIPCIÓN FÍSICA | |
| Extensión | 28 p., [1] h. de map. col. pleg. ; |
| Dimensiones | 23 cm. |
| 594 ## - Nota al título y mención de responsabilidad | |
| Nota al título y mención de responsabilidad | Subtítulo tomado de cub. |
| 595 ## - | |
| -- | Separata de: Congreso Internacional de Americanistas de Madrid. |
| 596 ## - NOTA AL PIE DE IMPRENTA | |
| NOTA AL PIE DE IMPRENTA | En cub. consta 1884. |
| 650 #4 - PUNTO DE ACCESO ADICIONAL DE MATERIA--TÉRMINO DE MATERIA | |
| Término de materia o nombre geográfico como elemento de entrada | Atlántida. |
| 9 (RLIN) | 10406 |
| 711 2# - ENTRADA AGREGADA--NOMBRE DE REUNIÓN | |
| Nombre de congreso/reunión o jurisdicción como elemento de entrada | Congreso Internacional de Americanistas |
| Número del congreso/reunión o número de parte o sección | (4º. |
| Fecha del congreso o de la firma del tratado | 1881. |
| Sede del congreso/Lugar de la reunión | Madrid) |
| 9 (RLIN) | 148029 |
| 852 4# - LOCALIZACIÓN | |
| Ubicación | ES-MaACL |
| Número de control de estantería | B-7464(9) |
| Nota libre | - Enc. hol., conservando la enc. original |
| -- | - Enc. en un vol. facticio |
| -- | - Legado de Federico de Botella y de Hornos |
| 852 4# - LOCALIZACIÓN | |
| Ubicación | ES-MaACL |
| Número de control de estantería | T-362-F-2 |
| Nota libre | - Enc. hol., falto de la enc. original |
| -- | - Enc. en un vol. facticio |
| Estatus retirado | Estado de pérdida | Estado de daño | No para préstamo | Colección | Biblioteca de origen | Biblioteca actual | Ubicación en estantería | Fecha de adquisición | Total de préstamos | Signatura topográfica completa | Código de barras | Visto por última vez | Precio de reemplazo | Tipo de ítem Koha |
|---|---|---|---|---|---|---|---|---|---|---|---|---|---|---|
| Colección de folletos | Biblioteca del Ateneo de Madrid | Biblioteca del Ateneo de Madrid | Depósito folletos | 17/01/2008 | T-362-F-2 | 1159204 | 23/02/2023 | 23/02/2023 | Folleto | |||||
| Libros del s. XIX | Biblioteca del Ateneo de Madrid | Biblioteca del Ateneo de Madrid | Sala Pardo Bazán | 17/01/2008 | B-7464(9) | 1159203 | 23/02/2023 | 23/02/2023 | Libro impreso antiguo |
